LEADER 01063nam0-22003011i-450- 001 990007915510403321 005 20041015072158.0 035 $a000791551 035 $aFED01000791551 035 $a(Aleph)000791551FED01 035 $a000791551 100 $a20040915d2002----km-y0itay50------ba 101 0 $aeng 102 $aIT 105 $aa-------001yy 200 1 $a<>role of tax incentives in voluntary pension schemes in Italy$ewhat can other countries learn from this?$fby Paolo Bosi, Maria Cecilia Guerra 210 $aModena$cUniversità di Modena. Dipartimento di Economia Politica$d2002 215 $a22 p.$d30 cm 225 1 $aMateriali di discussione$fDipartimento di economia politica. Università di Modena$v402 700 1$aBosi,$bPaolo$f<1942- >$088726 701 1$aGuerra,$bMaria Cecilia$0123734 801 0$aIT$bUNINA$gRICA$2UNIMARC 901 $aBK 912 $a990007915510403321 952 $aPaper 57/402$fSES 959 $aSES 996 $aRole of tax incentives in voluntary pension schemes in Italy$9670035 997 $aUNINA LEADER 00972nam0-2200277 --450 001 9910674597703321 005 20230324114939.0 010 $a978-88-331-8038-0 020 $aIT$b2019-2607 100 $a20230324d2018----kmuy0itay5050 ba 101 0 $aita 102 $aIT 105 $a 001yy 200 1 $aTutela penale degli interessi finanziari dell'Unione europea$estato dell'arte e prospettive alla luce della creazione della procura europea$fa cura di Giovanni Grasso ... [et al.] 210 $aPisa$cIUS Pisa university press$d2018 215 $a363 p.$d24 cm 225 1 $aCentro di diritto penale europeo di Catania. Nuova serie 676 $a345.240268$v23$zita 702 1$aGrasso,$bGiovanni$f<1950- > 801 0$aIT$bUNINA$gREICAT$2UNIMARC 901 $aBK 912 $a9910674597703321 952 $aX N3 205$b2021/1375$fFGBC 959 $aFGBC 996 $aTutela penale degli interessi finanziari dell'Unione europea$93067473 997 $aUNINA